Real Madrid - Parcours LDC depuis 2010 - Statistiques

Statistiques générales
  • Ce quiz a été pris 2 725 fois
    445 depuis la dernière actualisation
  • Le résultat moyen est 16 sur 24
Statistiques - réponses
Club % Correct
Manchester City
99%
Bayern Munich
97%
Paris Saint-Germain
95%
FC Barcelone
93%
Atlético Madrid
92%
Dortmund
92%
Liverpool
92%
Chelsea
91%
Arsenal
90%
Juventus
89%
Benfica
87%
Manchester United
79%
Ajax
73%
Olympique Lyonnais
68%
AS Rome
54%
Naples
52%
Tottenham
51%
Wolfsburg
49%
RB Leipzig
48%
Galatasaray
33%
Atalanta
32%
Schalke 04
28%
APOEL Nicosie
12%
CSKA Moscou
12%
Aucun quiz correspondant
Distribution des résultats
% des personnes avec chaque résultat
Percentile par nombre de réponses
Votre historique - résultats
Vous n’avez pas pris ce quiz depuis la dernière actualisation